Titres de l'album Destin (Ninho)_Mort Subite - Statistiques

Statistiques générales
  • Ce quiz a été pris 154 fois
  • Le résultat moyen est 11 sur 17
Answers on the Grid
Answers color-coded by a green-red scale on the quiz's grid according to % correct below.
A Kinshasa
Big Pac
Caramelo
Carbozo
De l'autre côté
Elle m'a eu
Fendi
Filon
Goutte d'eau
Jamais
Jeune lossa
Jusqu'à minuit
L'ancien
La puerta
La vie qu'on mène
La Vivance
Lettre à une femme
Mamacita
Maman ne le sait pas
Money
NI
Paris c'est magique
Putana
RER D
Sans peine
Sky Priority
Tokarev
Vrais
Zéro Paluche
Zipette
 
Statistiques - réponses
Réponse % Correct
A Kinshasa
79%
Goutte d'eau
79%
Big Pac
72%
La vie qu'on mène
72%
Maman ne le sait pas
71%
Putana
66%
Jeune lossa
65%
Jusqu'à minuit
65%
La Vivance
63%
Paris c'est magique
60%
Money
58%
Sans peine
58%
Jamais
57%
L'ancien
56%
Tokarev
55%
Zéro Paluche
47%
NI
34%
Aucun quiz correspondant
Distribution des résultats
% des personnes avec chaque résultat
Percentile par nombre de réponses
Votre historique - résultats
Vous n’avez pas pris ce quiz